000 00564nam a2200205 a 4500
001 000025689
003 DO-SdBNP
005 20220302095557.0
007 ta
008 110221s2004 dr ac 000 0 spa d
020 _a9993497444
040 _aDO-SdBNP
_bspa
_cBNPHU
049 _aBNPD
100 1 _aCabral Peña Gómez, Peggy de
_952461
245 1 0 _aConversando con Peggy Cabral /
_cPeggy Cabral de Peña Gómez.
260 _aSanto Domingo :
_bManatí,
_c2004.
300 _a324 p. :
_bil. ;
_c23 cm.
590 _aInventariado, 2022/BT
942 _2ddc
_cLBS1
999 _c25181
_d25181